000 00456nam a2200181Ia 4500
003 GCL
008 140319s9999 xx 000 0 ara d
040 _aGCL /
_cGCL
082 0 4 _a227
_bم ت
100 1 _aمصطفى الشكعة
245 1 0 _aتفسير سورة ال عمران /
_cمصطفى الشكعة
300 _a122 ص
490 _a
650 0 4 _aالتفاسير
650 0 4 _aالتفسير
650 0 4 _aالقران
942 _2ddc
_cBK
999 _c46011
_d46011